[Event "AUTO-OPEN-1048"]
[Site "http://www.queenalice.com/game.php?id=368232"]
[Date "2008.3.9"]
[Round "1"]
[White "szejki"]
[Black "alexandre35"]
[Result "1-0"]
[WhiteElo "1976"]
[BlackElo "1749"]

1. d4 Nf6 2. c4 e6 3. Nc3 Bb4 4. Bg5 h6 5. Bxf6 Qxf6 6. Nf3 Nc6 7. e3 O-O 8. Bd3
Bxc3+ 9. bxc3 d5 10. O-O dxc4 11. Bxc4 e5 12. Rb1 Bg4 13. Bd5 exd4 14. cxd4 b6
15. Rc1 Bxf3 16. Bxf3 Na5 17. Bxa8 Rxa8 18. Rxc7 Qd6 19. Rxf7 Kxf7 20. Qf3+ 1-0

[Event "AUTO-OPEN-1048"]
[Site "http://www.queenalice.com/game.php?id=368259"]
[Date "2008.3.9"]
[Round "1"]
[White "szejki"]
[Black "Francisco_Ferraz"]
[Result "1-0"]
[WhiteElo "1907"]
[BlackElo "1686"]

1. d4 d5 2. c4 e6 3. Nc3 Bb4 4. Nf3 Bxc3+ 5. bxc3 Nc6 6. Ba3 Bd7 7. e3 Nf6 8.
Bd3 Ne4 9. Qc2 f5 10. cxd5 exd5 11. c4 Ne7 12. Bxe7 Qxe7 13. cxd5 c6 14. O-O O-O
15. Ne5 cxd5 16. Bxe4 fxe4 17. Qc7 Rac8 18. Qxb7 Rfe8 19. Qxd7 Qxd7 20. Nxd7 Re7
21. Nc5 g5 22. a4 a5 23. Rab1 h5 24. Rb5 Ra8 25. Rfb1 Kf7 26. Nb7 Ke6 27. Rb6+
Kf7 28. Nd6+ Kg8 29. Nf5 Rc7 30. Rg6+ Kh7 31. Rh6+ Kg8 32. Rxh5 Rh7 33. Rxg5+
Kf7 34. Rb7+ Kf6 35. Rxh7 Kxg5 36. Ne7 1-0

[Event "AUTO-OPEN-1048"]
[Site "http://www.queenalice.com/game.php?id=368260"]
[Date "2008.3.9"]
[Round "1"]
[White "Francisco_Ferraz"]
[Black "szejki"]
[Result "0-1"]
[WhiteElo "1675"]
[BlackElo "1952"]

1. b3 d5 2. Bb2 c5 3. e3 Nc6 4. Bb5 Bd7 5. d3 a6 6. Bxc6 Bxc6 7. f4 e6 8. Nf3
Bd6 9. Bxg7 d4 10. Bxh8 Qa5+ 11. Nbd2 dxe3 12. c3 exd2+ 13. Qxd2 Bxf3 14. gxf3
Qc7 15. Qg2 O-O-O 16. Be5 Bxe5 17. fxe5 Qxe5+ 18. Qe2 Qxc3+ 19. Kf2 Nf6 20. Rac1
Qd4+ 21. Qe3 Qh4+ 22. Ke2 b6 23. Rc4 Qh3 24. Qf2 Qf5 25. d4 e5 26. Rd1 exd4 27.
b4 Qe6+ 28. Kd3 Qf5+ 29. Ke2 Re8+ 30. Kf1 Nd5 31. Rd2 Ne3+ 32. Kg1 Rg8+ 33. Kh1
Qb1+ 0-1

[Event "AUTO-OPEN-1048"]
[Site "http://www.queenalice.com/game.php?id=368261"]
[Date "2008.3.9"]
[Round "1"]
[White "szejki"]
[Black "silverado"]
[Result "1-0"]
[WhiteElo "2005"]
[BlackElo "1869"]

1. d4 d5 2. c4 dxc4 3. Nf3 Nf6 4. Bg5 Ne4 5. Bf4 f6 6. Nfd2 Qxd4 7. Nxe4 Qxe4 8.
Bxc7 Bd7 9. Nc3 Qc6 10. Bg3 e5 11. e3 a6 12. Rc1 b5 13. Be2 Ra7 14. O-O Be6 15.
Bh5+ g6 16. Bf3 Qb6 17. Nd5 Qc5 18. Nxf6+ Kf7 19. Ne4 Qb6 20. Bxe5 Rg8 21. Bd4
Qc7 22. Bxa7 Qxa7 23. Ng5+ Ke7 24. Nxe6 Bh6 25. Bd5 Rc8 26. Qg4 Kd6 27. Rfd1 Rh8
28. Bxc4+ Ke7 29. Qh4+ 1-0

[Event "AUTO-OPEN-1048"]
[Site "http://www.queenalice.com/game.php?id=368262"]
[Date "2008.3.9"]
[Round "1"]
[White "silverado"]
[Black "szejki"]
[Result "0-1"]
[WhiteElo "1804"]
[BlackElo "1758"]

1. d4 d5 2. Bf4 Nf6 3. e3 Bd7 4. c4 e6 5. Qb3 b6 6. Nf3 Nc6 7. Ne5 Be7 8. Be2
Na5 9. Qc2 c5 10. dxc5 Bxc5 11. cxd5 Nxd5 12. a4 O-O 13. Nxd7 Qxd7 14. O-O Rac8
15. Qe4 Bd6 16. Bd3 Nf6 17. Qf3 Bxf4 18. exf4 Rfd8 19. Rd1 Qxd3 20. Nc3 Qxf3 21.
Rxd8+ Rxd8 22. gxf3 Nb3 23. Re1 Nd4 24. Kg2 Nh5 25. f5 Nf4+ 26. Kg3 Nd3 27. Rd1
Nxb2 28. Rb1 Nxf5+ 29. Kg4 Nd3 30. Ne4 Rd4 31. Rb3 Nxf2+ 32. Kf4 f6 33. a5 g5#
0-1

[Event "Let's Play Chess!"]
[Site "http://www.queenalice.com/game.php?id=390434"]
[Date "2008.4.19"]
[Round "-"]
[White "Lightningzap007"]
[Black "szejki"]
[Result "1/2-1/2"]
[WhiteElo "2117"]
[BlackElo "2187"]

1. e4 c5 2. Nc3 e6 3. f4 Nf6 4. Nf3 Nc6 5. Bb5 Qc7 6. d3 Be7 7. O-O O-O 8. Qe1
d6 9. Qg3 Nd4 10. Ba4 a6 11. Nxd4 cxd4 12. Ne2 Kh8 13. Nxd4 Qc5 14. Be3 Qh5 15.
f5 Ng4 16. fxe6 Nxe3 17. Qxe3 Bxe6 18. Nxe6 fxe6 19. Rf3 Rf6 20. Raf1 Raf8 21.
Rxf6 Rxf6 22. Rxf6 Bxf6 23. c3 Kg8 24. Bb3 Kf7 25. Qf3 Qxf3 26. gxf3 Bg5 27. Bd1
Kf6 28. Kf2 Bf4 29. h3 a5 30. b3 h5 31. Ke2 h4 32. d4 e5 33. d5 Bc1 34. b4 Bb2
35. Kd3 Kg5 36. bxa5 Kf4 37. Ba4 Ba3 38. Bc6 Kg3 39. Bd7 Kxf3 40. Bc8 Kg3 41.
Kc4 Kf4 42. Bf5 g5 43. Kb5 Bc5 44. Kc4 g4 1/2-1/2

[Event "AUTO-MASTER-508"]
[Site "http://www.queenalice.com/game.php?id=390853"]
[Date "2008.4.20"]
[Round "1"]
[White "szejki"]
[Black "Constante"]
[Result "1-0"]
[WhiteElo "2194"]
[BlackElo "1961"]

1. d4 e6 2. c4 d5 3. Nc3 Nf6 4. Bg5 Be7 5. e3 c6 6. Bd3 Ng8 7. Bxe7 Qxe7 8. Nf3
Nd7 9. O-O Ngf6 10. Rc1 dxc4 11. Bxc4 Nb6 12. Bb3 Bd7 13. a4 a6 14. e4 h6 15. h3
O-O 16. Ne5 Rad8 17. a5 Nc8 18. Nd3 Na7 19. Nc5 Bc8 20. Bc4 e5 21. Ne2 Kh8 22.
Qd3 exd4 23. b4 Nb5 24. Bxb5 cxb5 25. Rfd1 Rfe8 26. f3 Be6 27. Nxd4 Bc4 28. Qc3
Nh5 29. Nf5 Rxd1+ 30. Rxd1 Qg5 31. Qd2 Nf4 32. h4 Nh3+ 33. Kh2 Qxd2 34. Rxd2 Nf4
35. Nd6 Re5 36. Ncxb7 Re7 37. Nc5 Ra7 38. Nxc4 bxc4 39. Rc2 Nd3 40. Rxc4 Rc7 41.
Rd4 Nxb4 42. Nd7 Nc2 43. Rd6 Nb4 44. Nb8 Rb7 45. Nxa6 Nxa6 46. Rxa6 Rb8 47. Ra7
Kg8 48. a6 Rb6 49. Ra8+ Kh7 50. a7 Rb7 51. Rh8+ 1-0

[Event "AUTO-MASTER-508"]
[Site "http://www.queenalice.com/game.php?id=390854"]
[Date "2008.4.20"]
[Round "1"]
[White "Constante"]
[Black "szejki"]
[Result "0-1"]
[WhiteElo "2044"]
[BlackElo "2183"]

1. Nf3 c5 2. e4 d6 3. Bb5+ Bd7 4. Bxd7+ Nxd7 5. O-O Ngf6 6. Qe2 g6 7. d3 Bg7 8.
Nc3 O-O 9. h3 a6 10. Nd5 Nxd5 11. exd5 b5 12. c4 Re8 13. Ng5 h6 14. Ne4 Rb8 15.
Rb1 bxc4 16. dxc4 a5 17. b3 a4 18. Ba3 Qa5 19. bxa4 Qxa4 20. Rxb8 Rxb8 21. Bc1
Ne5 22. Nd2 Qc2 23. f4 Nd3 24. Qe4 Ra8 25. a3 Bd4+ 26. Kh1 Nf2+ 0-1

[Event "AUTO-MASTER-508"]
[Site "http://www.queenalice.com/game.php?id=390855"]
[Date "2008.4.20"]
[Round "1"]
[White "szejki"]
[Black "daf88"]
[Result "1-0"]
[WhiteElo "2123"]
[BlackElo "2099"]

1. d4 Nf6 2. c4 e6 3. Nc3 Bb4 4. Bg5 c5 5. e3 Qa5 6. Ne2 Ne4 7. f4 Nxc3 8. bxc3
Bxc3+ 9. Nxc3 Qxc3+ 10. Kf2 cxd4 11. Qxd4 Qxd4 12. exd4 Nc6 13. d5 Nd4 14. Bd3
O-O 15. Be7 Re8 16. Bc5 Nf5 17. Rhe1 d6 18. Ba3 e5 19. Rab1 b6 20. h3 Bd7 21. g4
Nh6 22. Bxd6 exf4 23. Bxf4 f6 24. Bxh6 gxh6 25. Be4 Rac8 26. Bd3 Kf7 27. Rxe8
Bxe8 28. Ke3 Ke7 29. Kd4 Bg6 30. Re1+ Kf7 31. Bf5 Rc7 32. Be6+ Kg7 33. d6 Rb7
34. d7 Rb8 35. Kd5 Rd8 36. Kd6 Be8 37. Kc7 1-0

[Event "AUTO-MASTER-508"]
[Site "http://www.queenalice.com/game.php?id=390856"]
[Date "2008.4.20"]
[Round "1"]
[White "daf88"]
[Black "szejki"]
[Result "1/2-1/2"]
[WhiteElo "2122"]
[BlackElo "2198"]

1. e4 c5 2. Nf3 d6 3. d4 cxd4 4. Nxd4 Nf6 5. Nc3 a6 6. Be2 e6 7. Be3 Be7 8. O-O
O-O 9. f4 b5 10. Bf3 Nfd7 11. a4 b4 12. Nce2 Bb7 13. g4 Nc5 14. Ng3 Nbd7 15. f5
Ne5 16. Bg2 Bh4 17. fxe6 Bxg3 18. exf7+ Rxf7 19. hxg3 Bxe4 20. Bxe4 Nxe4 21. Ne6
Qd7 22. Qd5 Qb7 23. Qxb7 Rxb7 24. Bf4 Nxg4 25. Rae1 d5 26. Nc7 Rd8 27. Nxd5 Ngf2
28. Rxf2 Nxf2 29. Ne7+ Rxe7 30. Rxe7 Nh3+ 31. Kg2 Nxf4+ 32. gxf4 Rd2+ 33. Kf3
Rxc2 34. Ra7 Rc6 35. Ke4 h5 36. Kf5 h4 37. Kg4 Rh6 38. Kh3 Rf6 39. Kxh4 Rxf4+
40. Kg5 Rf6 41. Rb7 a5 42. Ra7 Rf2 43. Rxa5 Rxb2 44. Rb5 Kh7 45. a5 Ra2 46. Rxb4
Rxa5+ 47. Kg4 Kh6 48. Rd4 Rg5+ 49. Kh4 Rg2 50. Kh3 Rg1 51. Kh2 Rg5 52. Kh3 Rg6
53. Kh4 Rg1 54. Kh3 Kg5 55. Rd5+ Kf4 56. Rd4+ Kf3 57. Rd3+ Ke4 58. Ra3 Kf5
1/2-1/2

[Event "AUTO-MASTER-508"]
[Site "http://www.queenalice.com/game.php?id=390857"]
[Date "2008.4.20"]
[Round "1"]
[White "szejki"]
[Black "arvo1938"]
[Result "1-0"]
[WhiteElo "2094"]
[BlackElo "1883"]

1. d4 Nf6 2. c4 d5 3. Nc3 e6 4. Nf3 c6 5. Bg5 Be7 6. e3 O-O 7. Bd3 h6 8. Bh4
dxc4 9. Bxc4 Nd5 10. Bxe7 Qxe7 11. Qb3 Nd7 12. O-O N7b6 13. Ne5 Nxc4 14. Qxc4
Qh4 15. a4 a6 16. a5 f6 17. Ng6 Qg5 18. Nxf8 Kxf8 19. Ne4 Qg4 20. Nd6 e5 21. Qc5
Kg8 22. dxe5 fxe5 23. Rad1 Qg6 24. Nxc8 Rxc8 25. Rxd5 e4 26. Rd7 Rf8 27. Rxb7
Rf5 28. Rb8+ Kh7 29. Qb6 Rg5 30. g3 Rb5 31. Qd8 Rxb8 32. Qxb8 Qf5 33. Qb6 c5 34.
Rc1 1-0

[Event "AUTO-MASTER-508"]
[Site "http://www.queenalice.com/game.php?id=390858"]
[Date "2008.4.20"]
[Round "1"]
[White "arvo1938"]
[Black "szejki"]
[Result "0-1"]
[WhiteElo "1875"]
[BlackElo "2110"]

1. d4 d5 2. c4 e6 3. Nf3 c6 4. e3 Nf6 5. Nc3 Bb4 6. Bd2 O-O 7. a3 Bxc3 8. Bxc3
Nbd7 9. Be2 Ne4 10. O-O b6 11. cxd5 Nxc3 12. bxc3 cxd5 13. Qc2 Qc7 14. Rfc1 Bb7
15. c4 Rac8 16. Ng5 Nf6 17. Bd3 dxc4 18. Bxh7+ Kh8 19. Be4 Nxe4 20. Nxe4 Qe7 21.
f3 e5 22. Qf2 Bxe4 23. fxe4 exd4 24. exd4 Qxe4 25. Rc3 Rfd8 26. Rh3+ Kg8 27. Rh4
Qd3 28. Rf1 Rd7 29. Rg4 Rcd8 30. Rf4 f6 31. Qa2 Rxd4 32. R4f3 Qd2 33. Qb1 Rd3
34. Rxd3 Rxd3 35. Qb5 Qe3+ 36. Kh1 c3 37. Qc4+ Kf8 38. Qc8+ Qe8 39. Qf5 Re3 40.
h4 Re1 41. g3 c2 0-1

[Event "szejki/tech"]
[Site "http://www.queenalice.com/game.php?id=405332"]
[Date "2008.5.19"]
[Round "-"]
[White "szejki"]
[Black "technicaldraw"]
[Result "1-0"]
[WhiteElo "2149"]
[BlackElo "2053"]

1. d4 e6 2. c4 Nf6 3. Nc3 Bb4 4. Qc2 O-O 5. Bg5 h6 6. Bh4 d5 7. e3 b6 8. Nf3 Bb7
9. a3 Be7 10. Bd3 Nbd7 11. O-O dxc4 12. Bxc4 Rc8 13. b4 1-0

[Event "tech/szejki"]
[Site "http://www.queenalice.com/game.php?id=405333"]
[Date "2008.5.19"]
[Round "-"]
[White "technicaldraw"]
[Black "szejki"]
[Result "0-1"]
[WhiteElo "2053"]
[BlackElo "2170"]

1. e4 c5 2. Nf3 d6 3. d4 cxd4 4. Nxd4 a6 5. Nc3 Nf6 6. Be3 e6 7. f3 Be7 8. Qd2
O-O 9. O-O-O b5 10. g4 h6 11. g5 hxg5 12. Bxg5 Nh7 13. h4 Nxg5 0-1

[Event "AUTO-OPEN-1048"]
[Site "http://www.queenalice.com/game.php?id=436560"]
[Date "2008.7.21"]
[Round "2"]
[White "szejki"]
[Black "martusdog"]
[Result "1/2-1/2"]
[WhiteElo "2181"]
[BlackElo "1825"]

1. d4 Nf6 2. c4 g6 3. Nc3 Bg7 4. e4 d6 5. Bg5 O-O 6. Nf3 Bg4 7. Be2 Nc6 8. O-O
a6 9. h3 Bxf3 10. Bxf3 Qd7 11. a3 Ne8 12. Be3 Rd8 13. Rc1 e6 14. d5 Ne5 15. b3
c6 16. Na4 Nxf3+ 17. Qxf3 e5 18. Nb6 Qe7 19. a4 c5 20. a5 f5 21. Rce1 f4 22. Bd2
Nf6 23. b4 Nd7 24. b5 Nxb6 25. axb6 Ra8 26. bxa6 Rxa6 27. Rb1 Rfa8 28. Rb2 Qd8
29. Rfb1 Ra1 30. Rxa1 Rxa1+ 31. Kh2 Qa8 32. Qg4 Qe8 33. Qe2 Ra3 34. Be1 h5 35.
Rb5 Qa8 36. Qd2 Bf6 37. Ra5 Rxa5 38. Qxa5 Qxa5 39. Bxa5 g5 40. g4 fxg3+ 41. Kxg3
Kh7 42. Bd2 Kg6 43. f3 Bg7 44. Kf2 Bh6 45. Bc3 1/2-1/2

[Event "AUTO-OPEN-1048"]
[Site "http://www.queenalice.com/game.php?id=436561"]
[Date "2008.7.21"]
[Round "2"]
[White "martusdog"]
[Black "szejki"]
[Result "0-1"]
[WhiteElo "1839"]
[BlackElo "2170"]

1. e4 c5 2. Nf3 d6 3. d4 cxd4 4. Nxd4 Nf6 5. Nc3 a6 6. Qf3 g6 7. Bd3 Bg7 8. h3
O-O 9. O-O e6 10. Nde2 Nc6 11. a3 b5 12. Bf4 e5 13. Bg5 Be6 14. b4 Rc8 15. Nd1
h6 16. Bh4 Nb8 17. Rc1 Nbd7 18. Ne3 Qb6 19. c4 Qb7 20. Rfd1 Qb6 21. Nd5 Qd8 22.
cxb5 g5 23. Bg3 Rxc1 24. Rxc1 Bxd5 25. exd5 e4 26. Bxe4 Nxe4 27. Qxe4 axb5 28.
Qd3 Qb8 29. Nc3 Rc8 30. Ne2 Rxc1+ 31. Nxc1 Ne5 32. Bxe5 Bxe5 33. Nb3 Qc8 34. Nd2
Qc3 35. Qxc3 Bxc3 36. Ne4 Be5 37. g3 f5 38. Nd2 Kf7 39. g4 Bb2 40. Nb1 Kf6 41.
Kg2 fxg4 42. hxg4 Ke5 43. Kf3 Kxd5 44. Ke3 Ke5 45. f3 d5 46. a4 bxa4 47. b5 a3
48. b6 a2 49. b7 Bd4+ 50. Kd2 axb1=Q 0-1

[Event "Challenge"]
[Site "http://www.queenalice.com/game.php?id=439766"]
[Date "2008.7.27"]
[Round "-"]
[White "daga27"]
[Black "szejki"]
[Result "0-1"]
[WhiteElo "998"]
[BlackElo "2194"]

1. e4 c5 2. Nf3 d6 3. d4 cxd4 4. Qxd4 Nc6 5. Qe3 Nf6 6. Nc3 e6 7. b3 Be7 8. Bb2
O-O 9. Bb5 Bd7 10. O-O-O a6 11. Bxc6 Bxc6 12. Ne5 Qc7 13. Nxc6 bxc6 14. Rhe1
Rfd8 15. e5 dxe5 16. Rxd8+ Rxd8 17. Ne4 Nd5 18. Qf3 f6 19. Kb1 a5 20. g4 Nb4 21.
Rd1 Rd5 22. Rxd5 exd5 23. Nc3 e4 24. Qe3 Kf7 25. Ba3 Nxc2 0-1

[Event "Challenge"]
[Site "http://www.queenalice.com/game.php?id=441934"]
[Date "2008.7.31"]
[Round "-"]
[White "szejki"]
[Black "aureliano"]
[Result "1-0"]
[WhiteElo "2202"]
[BlackElo "1437"]

1. d4 e6 2. c4 Be7 3. Nc3 Nf6 4. Bg5 c6 5. e3 Qa5 6. Bd3 Qxg5 7. Qf3 d5 8. Nh3
Qh6 9. Nf4 Qh4 10. g3 Qg4 11. Qxg4 Nxg4 12. O-O f6 13. Nh5 Bd7 14. Nxg7+ Kd8 15.
Rac1 Rg8 16. Nh5 Rg5 17. Nf4 a6 18. cxd5 exd5 19. a3 Be8 20. e4 Bf7 21. exd5 h5
22. dxc6 bxc6 23. Ne4 Rg7 24. h4 Bb3 25. Nc5 Bg8 26. Nce6+ Bxe6 27. Nxe6+ Ke8
28. Nxg7+ Kf7 29. Nxh5 Nd7 30. Rxc6 Nb8 31. Rc2 Nd7 32. Bf5 Ne3 33. fxe3 Nf8 34.
Rfc1 Rd8 35. Rc8 Rd5 36. g4 Bd6 37. R8c7+ Bxc7 38. Rxc7+ Nd7 39. Rxd7+ Rxd7 40.
Bxd7 Ke7 41. Bc8 a5 42. b4 axb4 43. axb4 Kf7 44. b5 Kg6 45. Nf4+ Kf7 46. b6 Ke7
47. b7 Kd6 48. b8=Q+ Ke7 49. Qc7+ Kf8 50. Ne6+ Ke8 51. Qd7# 1-0

[Event "Challenge"]
[Site "http://www.queenalice.com/game.php?id=457693"]
[Date "2008.9.3"]
[Round "-"]
[White "daga27"]
[Black "szejki"]
[Result "0-1"]
[WhiteElo "1045"]
[BlackElo "2202"]

1. e4 c5 2. Nc3 d6 3. Bb5+ Bd7 4. Nf3 Nf6 5. Bxd7+ Nbxd7 6. O-O g6 7. d4 cxd4 8.
Nd5 Nxd5 9. exd5 Bg7 10. Re1 O-O 11. Nxd4 Rc8 12. Be3 a6 13. Bg5 Nf6 14. Bxf6
Bxf6 15. Re3 Bxd4 16. Rb3 b5 17. Qxd4 Rxc2 18. Kf1 Qc8 19. Re1 Qb7 20. a4 Rc4
0-1

[Event "AUTO-MASTER-508"]
[Site "http://www.queenalice.com/game.php?id=464057"]
[Date "2008.9.16"]
[Round "2"]
[White "Matrick"]
[Black "szejki"]
[Result "1-0"]
[WhiteElo "2287"]
[BlackElo "2196"]

1. e4 c5 2. Nf3 d6 3. d4 cxd4 4. Nxd4 g6 5. Nc3 Bg7 6. Be3 a6 7. Qd2 Nf6 8. f3
O-O 9. Bc4 b5 10. Bb3 Bd7 11. a4 b4 12. Nd5 a5 13. Nxf6+ Bxf6 14. Bd5 Bc6 15.
Bxc6 Bxd4 16. Bxa8 Bxb2 17. O-O Bxa1 18. Rxa1 Qc7 19. Bd5 Nd7 20. Bd4 e5 21. Bb2
Rc8 22. Bb3 Nc5 23. Qe3 Qc6 24. h3 Kg7 25. Kh2 Qd7 26. Rd1 f6 27. Bc1 g5 28. Rd5
Nxb3 29. cxb3 Rc3 30. Qd2 Qc8 31. Rxd6 Rxc1 32. Rd7+ Kg6 33. Qd5 Qe8 34. Rd8 Qe7
35. Qxa5 Rc3 36. Qd5 Rc7 37. Qg8+ Kh5 38. Qf8 Qxf8 39. Rxf8 Kg6 40. Rb8 Ra7 41.
Rxb4 Kf7 42. Rb5 Ke7 43. a5 h5 44. Kg3 1-0

[Event "AUTO-MASTER-508"]
[Site "http://www.queenalice.com/game.php?id=464058"]
[Date "2008.9.16"]
[Round "2"]
[White "szejki"]
[Black "Matrick"]
[Result "1/2-1/2"]
[WhiteElo "2191"]
[BlackElo "2316"]

1. d4 Nf6 2. c4 e6 3. Nc3 Bb4 4. Bd2 O-O 5. Nf3 b6 6. e3 Bb7 7. a3 Bxc3 8. Bxc3
Ne4 9. Rc1 d6 10. Bd3 Nd7 11. O-O f5 12. b4 Nxc3 13. Rxc3 Qf6 14. Rc1 a5 15. b5
Rae8 16. Be2 f4 17. exf4 Qxf4 18. Rc3 e5 19. d5 Nc5 20. Nd2 a4 21. Rg3 Qd4 22.
Bh5 Re7 23. Qe2 Bc8 24. Rd1 Rf4 25. Re3 Qb2 26. Nb1 Qa1 27. Qe1 Qa2 28. Rd2 Qa1
1/2-1/2

[Event "AUTO-MASTER-508"]
[Site "http://www.queenalice.com/game.php?id=464060"]
[Date "2008.9.16"]
[Round "2"]
[White "szejki"]
[Black "sergiogvh"]
[Result "0-1"]
[WhiteElo "2187"]
[BlackElo "2393"]

1. d4 Nf6 2. c4 c5 3. Nc3 cxd4 4. Qxd4 Nc6 5. Qd1 e6 6. Nf3 Bb4 7. Bd2 O-O 8. e3
d5 9. Bd3 dxc4 10. Bxc4 Qe7 11. O-O Rd8 12. Rc1 Qc5 13. Qe2 Qh5 0-1

[Event "AUTO-OPEN-1048"]
[Site "http://www.queenalice.com/game.php?id=569940"]
[Date "2009.4.10"]
[Round "3"]
[White "Pedro666"]
[Black "szejki"]
[Result "1-0"]
[WhiteElo "2274"]
[BlackElo "2172"]

1. d4 d5 2. Nf3 Nf6 3. Bf4 e6 4. e3 c5 5. Nbd2 Bd6 6. Ne5 O-O 7. c3 Qc7 8. h3
Nc6 9. Ndf3 Ne4 10. Nd3 c4 11. Bxd6 Qxd6 12. Nf4 b5 13. a3 f6 14. g3 Na5 15. Bg2
Nb3 16. Rb1 a5 17. O-O b4 18. axb4 axb4 19. Ne2 Ra2 20. Nc1 Nxc1 21. Qxc1 bxc3
22. bxc3 1-0

[Event "AUTO-OPEN-1048"]
[Site "http://www.queenalice.com/game.php?id=569941"]
[Date "2009.4.10"]
[Round "3"]
[White "szejki"]
[Black "Pedro666"]
[Result "0-1"]
[WhiteElo "2163"]
[BlackElo "2293"]

1. d4 Nf6 2. c4 g6 3. Nc3 Bg7 4. e4 d6 5. Nf3 O-O 6. Be2 e5 7. dxe5 dxe5 8. Bg5
c6 9. Qxd8 Rxd8 10. Nxe5 Re8 11. O-O-O Nxe4 12. Nxe4 Bxe5 13. Rhe1 Nd7 14. Bf1
Re6 15. Bh6 Bg7 16. Bxg7 Kxg7 17. Nd6 Nf8 18. c5 b6 19. Ne8+ Kh6 20. Nc7 Rxe1
21. Rxe1 Rb8 22. cxb6 axb6 23. Re8 Nd7 24. Bc4 Bb7 25. Re7 Nf6 26. Rxf7 Ne4 27.
Rf4 c5 0-1